|
|
|
|
| LEADER |
00000nam a2200000 a 4500 |
| 001 |
vtls001414319 |
| 003 |
SK-MaSNL |
| 005 |
20260302035136.0 |
| 008 |
240314s1967 xx 0 und |
| 035 |
|
|
|a SNK000369042
|
| 040 |
|
|
|a SNK
|b slo
|c SNK
|e AACR2
|
| 100 |
1 |
|
|a Horák, Václav
|4 aut
|9 289615
|
| 245 |
1 |
0 |
|a Míchárna a čistírna bavlny
|
| 260 |
|
|
|a Praha
|b Státní nakladatelství technické literatury
|c 1967
|
| 300 |
|
|
|a 309 s.
|
| 958 |
|
|
|a OND
|
| 999 |
|
|
|c 1069425
|d 1071355
|
| 952 |
|
|
|t P60, <04>, [BOOK], {604}
|a SNK
|b SNK
|y VYP
|7 0
|p 17A0301324
|o snkID 43904
|0 0
|1 0
|4 0
|d 2001-06-01
|l 0
|r 2005-01-02 00:00:00
|w 2026-02-24
|